Switching power supplies A to Z (Record no. 11979)

000 -LEADER
fixed length control field 00771cam a2200241 i 4500
001 - CONTROL NUMBER
control field 17689600
005 - DATE AND TIME OF LATEST TRANSACTION
control field 20170105102352.0
008 - FIXED-LENGTH DATA ELEMENTS--GENERAL INFORMATION
fixed length control field 130408s2012 ne a b 001 0 eng
010 ## - LIBRARY OF CONGRESS CONTROL NUMBER
LC control number 2012554017
020 ## - INTERNATIONAL STANDARD BOOK NUMBER
International Standard Book Number 9780123865335
040 ## - CATALOGING SOURCE
Original cataloging agency DLC
Language of cataloging eng
Transcribing agency DLC
Description conventions rda
042 ## - AUTHENTICATION CODE
Authentication code pcc
050 00 - LIBRARY OF CONGRESS CALL NUMBER
Classification number TK7868.P6
Item number M357 2012
100 1# - MAIN ENTRY--PERSONAL NAME
Personal name Maniktala, Sanjaya.
245 10 - TITLE STATEMENT
Title Switching power supplies A to Z
Statement of responsibility, etc. Sanjaya Maniktala.
250 ## - EDITION STATEMENT
Edition statement Second edition.
300 ## - PHYSICAL DESCRIPTION
Extent xx, 748 pages :
Other physical details illustrations ;
Dimensions 24 cm
504 ## - BIBLIOGRAPHY, ETC. NOTE
Bibliography, etc. note Includes bibliographical references (pages 721-722) and index.
650 #0 - SUBJECT ADDED ENTRY--TOPICAL TERM
Topical term or geographic name entry element Switching power supplies.
906 ## - LOCAL DATA ELEMENT F, LDF (RLIN)
a 7
b cbc
c origcop
d 2
e ncip
f 20
g y-gencatlg
942 ## - ADDED ENTRY ELEMENTS (KOHA)
Source of classification or shelving scheme
Koha item type Book
Holdings
Withdrawn status Lost status Damaged status Not for loan Collection code Permanent Location Current Location Shelving location Date acquired Source of acquisition Cost, normal purchase price Total Checkouts Total Renewals Full call number Barcode Date last seen Price effective from Koha item type
          Central Library (CL) Central Library (CL) General Stacks 07/03/2013 Allied Book Company 6500.31   2 621.381044 MAN SEECS012537 08/21/2025 01/05/2017 Book
© 2023 Central Library, National University of Sciences and Technology. All Rights Reserved.